00000000nam 2200000za 4500
0019.855404
003CaOODSP
00520221107155308
007cr |||||||||||
008180417s2018    oncad   ob   f000 0 fre d
040 |aCaOODSP|bfre
043 |an-cn---
0861 |aXC39-1/1-421-11F-PDF
1101 |aCanada. |bParlement. |bChambre des communes. |bComité permanent de l'industrie, des sciences et de la technologie.
24510|aConnectivité à la large bande dans les régions rurales du Canada |h[ressource électronique] : |bcombler le fossé numérique / |cle president, Dan Ruimy.
260 |a[Ottawa] : |bChambre des communes, Canada, |c2018.
300 |aix, 49 p. : |bgraph. en coul., ill.
4901 |aRapport du Comité permanent de l’industrie, des sciences et de la technologie ; |v11e rapport, 42e législature, 1er session
500 |aPubl. aussi en anglais sous le titre : Broadband connectivity in rural Canada: overcoming the digital divide.
500 |a« Avril 2018. »
500 |aComprend une réponse du gouvernement.
500 |aDate originale de publication : 2018/04/17. Republié : 2018/04/20, 2018/06/05, 2018/06/22.
504 |aComprend des références bibliographiques.
520 |a« Les services Internet à large bande représentent un avantage certain pour les collectivités rurales et éloignées en mettant à leur disposition des ressources éducatives, en améliorant leurs services médicaux et en augmentant leurs possibilités économiques. En 2016, reconnaissant l’importance de cet outil, le Conseil de la radiodiffusion et des télécommunications canadiennes (CRTC) a déclaré que l’Internet à large bande passante représentait un service essentiel et a adopté les normes minimales de rendement suivantes au Canada : 50 mégabits par seconde en téléchargement et 10 mégabits par seconde en téléversement. Le CRTC collabore actuellement avec Innovation, Sciences et Développement économique Canada (ISED) pour financer le déploiement de la large bande dans les régions rurales et éloignées. Toutefois, divers intervenants ont démontré au Comité à l’aide de données probantes que le fossé numérique demeure marquant au Canada et que les cibles fixées par le CRTC pourraient ne pas être pertinentes pour toutes les régions rurales et éloignées » -- Résumé, p. [1].
693 4|aFossé numérique
693 4|aDéveloppement rural
693 4|aInternet
7001 |aRuimy, Dan, |d1962-
77508|tBroadband connectivity in rural Canada |w(CaOODSP)9.855401
830#0|aRapport du Comité permanent de l'industrie, des sciences et de la technologie ;|v11e rapport, 42e législature, 1er session.|w(CaOODSP)9.503404
85640|qPDF|s4.10 Mo|uhttps://publications.gc.ca/collections/collection_2018/parl/xc39-1/XC39-1-1-421-11-fra.pdf|z(rapport)
85640|qPDF|s4.99 Mo|uhttps://publications.gc.ca/collections/collection_2018/parl/xc39-1/XC39-1-1-421-11-1-fra.pdf|z(réponse du gouvernement)